MARC

LEADER 00000nam0a2200000 4500
001 318502
005 20231102003101.0
010 |a 800 экз. 
035 |a (RuTPU)RU\TPU\book\344000 
090 |a 318502 
100 |a 20160427d1921 k y0rusy50 ca 
101 0 |a rus  |a eng 
102 |a RU 
105 |a a z 000zy 
200 1 |a Нормальное распределение земного магнетизма в Сибири на 1910 год  |e [оттиск статьи]  |f Б. П. Вейнберг 
210 |a Томск  |c Типо-литография Томской железной дороги  |d 1921 
215 |a 8 с.  |c 7 табл. 
316 |5 63413507: ШкА/4204  |a На с. 1 дарственная надпись: "В библиотеку ТТИ" 
320 |a Библиогр.: с. 1 
606 1 |a Земной магнетизм  |x (геофизика)  |2 stltpush  |3 (RuTPU)RU\TPU\subj\11797  |9 38695 
610 1 |a коллекция ТПУ 
610 1 |a труды учёных ТПУ 
610 1 |a оттиски 
610 1 |a исследовательские материалы 
610 1 |a определения 
610 1 |a склонения 
610 1 |a геофизическая аппаратура 
610 1 |a геофизическая характеристика 
610 1 |a аномалии 
610 1 |a формулы 
610 1 |a расчеты 
610 1 |a дарственные надписи 
610 1 |a дары автора 
610 1 |a дары библиотеке 
675 |a 550.38  |v 4 
700 1 |a Вейнберг  |b Б. П.  |c российский геофизик  |c профессор Томского технологического института (1909-1924)  |f 1871-1942  |g Борис Петрович  |2 stltpush  |3 (RuTPU)RU\TPU\pers\5705 
801 1 |a RU  |b 63413507  |c 20160427 
801 2 |a RU  |b 63413507  |c 20200709  |g RCR 
942 |c BK